|
|
|
|
| LEADER |
00570nam a22001571a 4500 |
| 020 |
|
|
|a 9788126103065
|
| 082 |
|
|
|a 109
|b JOH/H
|
| 100 |
|
|
|a Johann Eduard Erdmann
|9 148481
|
| 245 |
|
|
|a A history of philosophy (v.2 : modern philosphy)/
|c by Johann Eduard Erdmann
|
| 260 |
|
|
|a New Delhi:
|b Anmol,
|c 1999.
|
| 300 |
|
|
|a 719p.
|
| 650 |
|
|
|a Philosophy Modern
|9 148482
|
| 650 |
|
|
|a Philosophy
|9 148483
|
| 942 |
|
|
|c REF
|
| 999 |
|
|
|c 18294
|d 18294
|
| 952 |
|
|
|0 0
|1 0
|4 0
|6 R_109_000000000000000_JOH_H
|7 0
|9 25844
|a SSUS
|b SSUS
|c REF
|d 2015-01-08
|g 1500.00
|o R 109 JOH/H
|p 015584
|r 2015-01-08
|v 0.00
|w 2015-01-08
|y REF
|